000 00688nam a2200229 a 4500
001 54362
003 BD-RjUL
005 20241222112449.0
008 161106s1979 bg ||||| |||| 00| 0 ben d
020 _c: TK 5.0
035 _a(BD-RjUL)54484
040 _aBD-RjUL
_bben
_cBD-RjUL
041 _aben
082 _223
_a901
_bFAM 1979
100 _aফজল, আবুল
_9162238
245 1 0 _aমানবতন্ত্র /
_cআবুল ফজল
250 _a২য় সং .
260 _aঢাকা :
_bমুক্তধারা,
_c১৯৭৯
300 _a৬৬ পৃ. ;
_c২১ সেমি.
650 _aHistory
_9162239
_xPhilosophy
942 _2ddc
_cBK
999 _c54362
_d54362